00755 2200265 4500001002100000005001500021035002000036020002200056020002200078020002200100100002600122650001000148650001000158245006600168264001000234090000900244008004100253082001100294084001700305250001700322260003000339300002100369520008100390990001800471INLIS00000000001243320230309102011 a0010-0619012433 a978-979-119-331-3 a978-979-119-351-1 a978-979-119-365-80 aAl-Qummi, Syekh Abbas 4aSurga 4aIslam1 aMafatih al-jinan :bkunci-kunci surga /cSyekh Abbas Al-Qummi l-Huda x3.54230309 g | ind  a2X3.54 a2X3.54 QUM m aCetakan ke 2 aJakarta :bAl-Huda,c2009 a3 jilid ;c24 cm abuku ini berisi tentang doa-doa yang diamalkan oleh pecinta ahlul bait nabi. a016762.030901